000 02385cad a22002535a 4500
001 E146758
008 090224s2008 xxk f 000 0 eng d
020 _a9780755919222
035 _a(Sirsi) u146758
041 0 _aeng
050 0 4 _a630.09411 $2 18
110 2 _aSAC Commercial Ltd
_95699
245 0 0 _aOverview of costs and benefits associated with regulation in Scottish agriculture
_bincluding elements of SNIFFER Project ER02, 'Measuring the administrative burden of environmental regulation in the agricultural sector', final report
_h[electronic resource]
260 _aEdinburgh
_bSAC Commercial
_bPareto Consulting
_c2008
505 2 _aIntroduction: background; rationale for policy intervention in agriculture; instrument choice and design; compliance costs; scope of report -- Overview of the assessment of cost and benefits of regulation and an assessment of the potential application of the Standard Cost Model in Scotland: assessing the costs and benefits of regulation; evaluation of the Standard Cost Model (SCM) and its potential application to agriculture in Scotland; conclusions -- The costs and benefits associated with key regulations in Scottish agriculture and with specified environmental regulations: introduction; findings in brief; conclusions -- Best practice in the implementation of regulations in agriculture in other countries: performance of the overall regulatory environment; regulation of agriculture; comparison of the regulation of agriculture in Scotland with New Zealand and Denmark -- Conclusions -- References -- Appendices
520 _aPresents the results of research looking at the regulations associated with Scottish agriculture. The research aims to assess the costs and benefits associated with the principle regulations in Scottish agriculture, and with some environmental regulations. It also examines best practice in relation to the implementation of regulations in agriculture in other countries and identifies opportunities to improve the effectiveness of regulation in Scottish agriculture.
521 _aAdvanced
590 _aKA
651 4 _aScotland
_y1999-
690 _aENVIRONMENTAL AND LAND CONSULTANCY-AGRIBUSINESS-AGRICULTURE
710 1 _aPareto Consulting
856 4 0 _uhttps://www.scotland.gov.uk/Publications/2009/01/08100107/0
_zView the report free of charge at www.scotland.gov.uk...
942 _n0
999 _c109280
_d109280